Cultures (Record no. 218)

MARC details
000 -LEADER
fixed length control field 00396nam a2200157Ia 4500
008 - FIXED-LENGTH DATA ELEMENTS--GENERAL INFORMATION
fixed length control field 230312s9999||||xx |||||||||||||| ||und||
020 ## - INTERNATIONAL STANDARD BOOK NUMBER
International Standard Book Number 0-13-194614-5
082 ## - DEWEY DECIMAL CLASSIFICATION NUMBER
Classification number 808.0427
Item number TMI-C
100 ## - MAIN ENTRY--PERSONAL NAME
Personal name EMILY THIROUX
245 #0 - TITLE STATEMENT
Title Cultures
260 ## - PUBLICATION, DISTRIBUTION, ETC.
Name of publisher, distributor, etc. Prentice Hall
Place of publication, distribution, etc. New Jersey
Date of publication, distribution, etc. 1993
300 ## - PHYSICAL DESCRIPTION
Extent 365
546 ## - LANGUAGE NOTE
Language note Eng.
650 ## - SUBJECT ADDED ENTRY--TOPICAL TERM
Topical term or geographic name entry element Literature
Form subdivision People and Careers, Issues and Ideas
942 ## - ADDED ENTRY ELEMENTS (KOHA)
Koha item type BOOK
Holdings
Withdrawn status Lost status Source of classification or shelving scheme Damaged status Not for loan Home library Current library Date acquired Total Checkouts Full call number Barcode Date last seen Date last checked out Price effective from Koha item type
    Dewey Decimal Classification     Superior Information Resource Center (SIRC) Superior University- Central Library Superior Information Resource Center (SIRC) Superior University- Central Library 03/13/2023 1 808.0427 TMI-C 219 02/10/2026 01/27/2026 03/13/2023 BOOK

Powered by Koha